Embattled entrepreneurs: Soviet cooperatives in an unreformed economy.
Rozvoj družstevného hnutia v ZSSR 1987-1990 a jeho charakter po schválení Zákona o družstvách v júni 1988. Nové formy vlastníctva umožňujúce eliminovať štátny monopol v prevažnej väčšine ekonomických činností. Kritika družstevníckeho hnutia. Vládna regulácia družstiev. Daňová politika v družstvách.
Gespeichert in:
| 1. Verfasser: | |
|---|---|
| Format: | Buchkapitel |
| Sprache: | Englisch |
| Schlagworte: | |
| Tags: |
Keine Tags, Fügen Sie das erste Tag hinzu!
|
MARC
| LEADER | 00000naa a2200000 4500 | ||
|---|---|---|---|
| 001 | r005907 | ||
| 005 | 20221213085250.7 | ||
| 041 | 0 | |a eng | |
| 044 | |a GB | ||
| 245 | 1 | 0 | |a Embattled entrepreneurs: Soviet cooperatives in an unreformed economy. |c D. Slider |
| 520 | |a Rozvoj družstevného hnutia v ZSSR 1987-1990 a jeho charakter po schválení Zákona o družstvách v júni 1988. Nové formy vlastníctva umožňujúce eliminovať štátny monopol v prevažnej väčšine ekonomických činností. Kritika družstevníckeho hnutia. Vládna regulácia družstiev. Daňová politika v družstvách. | ||
| 610 | 2 | 0 | |a družstvá |
| 610 | 2 | 0 | |a ZSSR |
| 610 | 2 | 0 | |a 1987-1990 |
| 610 | 2 | 0 | |a vlastníctvo družstevné |
| 610 | 2 | 0 | |a politika daňová |
| 100 | 1 | |a Slider, D. | |